| 000 | 01108 a2200193 4500 | ||
|---|---|---|---|
| 003 | Nust | ||
| 005 | 20221219124824.0 | ||
| 040 | _cNust | ||
| 082 | _a621.384,GHI | ||
| 100 |
_aGhirardi, Alfred A. _941673 |
||
| 245 |
_aModern Radio servicing : _ba practical text on the theory construction and use of modern radio servicing equipment:the rapid systematic methods and technique of radio servicing in all its branches and tested method of selling radio service work to the public / _cAlfred A. Ghirardi and Bertram M. Freed |
||
| 250 | _a1st ed | ||
| 260 |
_aRadio technical publishing co _bNew York city, _c1932 |
||
| 300 |
_aix, 182 p _bincl _cfront _eillus _f20 cm |
||
| 505 | _aPart I: Theory and Construction and Modern Radio Test Equipment (Page-1), Part II: The Practical Servicing of Radio Receivers (Page-425), Part III: Specialized Servicing (Page-867). | ||
| 600 |
_aGhirardi, Alfred A. _941673 |
||
| 650 |
_aRadio servicing course; a practical concise text on the use of modern radio service instruments and the rapid and systematic attacking of radio service problems _9105201 |
||
| 942 |
_2ddc _cBK |
||
| 999 |
_c182970 _d182970 |
||